Normal view
MARC view
- Calculus
Entry Topical Term
001 - CONTROL NUMBER
- control field: 82502
003 - CONTROL NUMBER IDENTIFIER
- control field: NUST
005 - DATE AND TIME OF LATEST TRANSACTION
- control field: 20210916121738.0
008 - FIXED-LENGTH DATA ELEMENTS
- fixed length control field: 210916|| aca||aabn | a|a d
040 ## - CATALOGING SOURCE
- Original cataloging agency: NUST
- Transcribing agency: NUST
150 ## - HEADING--TOPICAL TERM
- Topical term or geographic name entry element: Calculus
- Form subdivision: Outlines, syllabi, etc
670 ## - SOURCE DATA FOUND
- Source citation: Work cat.: (NUST)32842: Wrede, Robert C. 69300, Schaum's outline of advanced calculus /, c2010.
